[Event "Golden Cleopatra op 6th"]
[Site "Cairo"]
[Date "2002.04.14"]
[Round "8"]
[White "Ismail, Hamed"]
[Black "Nayer, Ahmed"]
[Result "1-0"]
[WhiteElo "2250"]
[BlackElo "2006"]
[PlyCount "143"]
[EventDate "2002.04.07"]
[EventType "swiss"]
[EventRounds "11"]
[EventCountry "EGY"]
[SourceTitle "CBM 087 Extra"]
[Source "ChessBase"]
[SourceDate "2002.05.03"]
[SourceVersion "2"]
[SourceVersionDate "2002.08.09"]
[SourceQuality "1"]

1. d4 g6 2. c4 Bg7 3. Nc3 c5 4. d5 Bxc3+ 5. bxc3 f5 6. h3 d6 7. Nf3 Nf6 8. Bh6 Rg8 9. Ng5 Qa5 10. Qb3 Nbd7 11. Rd1 Nb6 12. e3 Bd7 13. Rb1 0-0-0 14. Bd3 Qa6 15. 0-0 Nfxd5 16. cxd5 Qxd3 17. Rfd1 Qc4 18. Qa3 Kb8 19. Nf7 Rde8 20. Bf4 Qa4 21. Qb2 g5 22. Nxg5 Rg6 23. Nf3 Reg8 24. Nh4 R6g7 25. Kh2 Bc8 26. f3 Qc4 27. Qd2 Nd7 28. Qd3 Qxa2 29. Rd2 Qa4 30. Nxf5 Ne5 31. Bxe5 Bxf5 32. Qxf5 dxe5 33. Qxe5+ Ka8 34. Qc7 e6 35. Qxc5 exd5 36. Qxd5 Qh4 37. g4 Qe7 38. e4 h5 39. Qd6 Qg5 40. Rb5 Qe7 41. Qxe7 Rxe7 42. Rxh5 Rc7 43. Rd3 b6 44. Rhd5 a5 45. e5 a4 46. Rb5 Kb7 47. Rb4 Ra8 48. Rb2 a3 49. Ra2 b5 50. f4 Kb6 51. f5 Kc5 52. Rd4 Kb6 53. e6 Rxc3 54. e7 Rh8 55. Kg2 Re3 56. Rd8 Rhxh3 57. e8Q Rhg3+ 58. Kf1 Rxe8 59. Rxe8 b4 60. Kf2 Rxg4 61. Kf3 Rg7 62. Kf4 Kb5 63. f6 Rg1 64. Re3 Rg8 65. Kf5 Ka4 66. f7 Rf8 67. Kf6 Ra8 68. Kg7 b3 69. Re4+ Kb5 70. Rxa3 Rxa3 71. f8Q Ra7+ 72. Kg8 1-0

[Event "Golden Cleopatra op 6th"]
[Site "Cairo"]
[Date "2002.04.10"]
[Round "4"]
[White "Kopylov, Luba"]
[Black "Nayer, Ahmed"]
[Result "1-0"]
[WhiteElo "1683"]
[BlackElo "2006"]
[PlyCount "75"]
[EventDate "2002.04.07"]
[EventType "swiss"]
[EventRounds "11"]
[EventCountry "EGY"]
[SourceTitle "CBM 087 Extra"]
[Source "ChessBase"]
[SourceDate "2002.05.03"]
[SourceVersion "2"]
[SourceVersionDate "2002.08.09"]
[SourceQuality "1"]

1. d4 g6 2. g3 Bg7 3. Bg2 Nf6 4. Nf3 d6 5. c4 0-0 6. 0-0 Nbd7 7. Nc3 c6 8. h3 e5 9. dxe5 dxe5 10. Be3 Qe7 11. Qc1 Re8 12. Rd1 Nf8 13. a3 N6d7 14. b4 f5 15. Ra2 Ne6 16. Ng5 Ndf8 17. Nxe6 Nxe6 18. Bh6 Bf6 19. b5 e4 20. Be3 Nc7 21. a4 Be6 22. Rad2 Rad8 23. Bxa7 Qb4 24. Bd4 Bxd4 25. Rxd4 Rxd4 26. Rxd4 c5 27. Rd6 Qxc4 28. Qd2 Qb4 29. Bf1 Bf7 30. e3 Ne6 31. h4 Nc7 32. b6 Na6 33. Bb5 Rf8 34. Rd7 c4 35. Qd4 Nc5 36. Rxf7 Rxf7 37. Bxc4 Ne6 38. Bxe6 1-0